000 00610cam a22001697a 4500
008 180718b2000 xxu||||| |||| 00| 0 eng d
020 _a0802847218
082 _aAB2x5452 H892
100 _aHudson, D. Dennis
245 _aProtestant origins in India: Tamil evangelical Christians, 1706-1835
_cby D. Dennis Hudson
260 _aRichmond
_bCurzon Press
_c2000
300 _a220p.
440 _aStudies in the history of Christian missions
650 _aIndia, South - Church history
650 _aProtestant Churches - Missions - India, South - History
650 _aTamil (Indic people) - Missions - History
999 _c396976
_d396976